Плазменная утилизация сульфатного лигнина в виде горючих водно-органических композиций; Физико-технические проблемы атомной науки, энергетики и промышленности

Dades bibliogràfiques
Parent link:Физико-технические проблемы атомной науки, энергетики и промышленности.— 2014.— [С. 137]
Autor principal: Пиунова К. Г. Ксения Григориевна
Autor corporatiu: Национальный исследовательский Томский политехнический университет
Altres autors: Каренгин А. Г. Александр Григорьевич
Sumari:Заглавие с титульного экрана
Idioma:rus
Publicat: 2014
Col·lecció:Производство и разделение изотопов, плазменные и ионообменные технологии
Matèries:
Accés en línia:http://earchive.tpu.ru/handle/11683/73382
Format: MixedMaterials Electrònic Capítol de llibre
KOHA link:https://koha.lib.tpu.ru/cgi-bin/koha/opac-detail.pl?biblionumber=607499

MARC

LEADER 00000naa2a2200000 4500
001 607499
005 20250506121718.0
035 |a (RuTPU)RU\TPU\conf\4891 
035 |a RU\TPU\conf\4890 
090 |a 607499 
100 |a 20140724d2014 k y0rusy50 ca 
101 0 |a rus 
102 |a RU 
105 |a y z 101zy 
135 |a drgn ---uucaa 
181 0 |a i  
182 0 |a b 
200 1 |a Плазменная утилизация сульфатного лигнина в виде горючих водно-органических композиций  |f К. Г. Пиунова, А. Г. Каренгин 
203 |a Текст  |c электронный 
225 1 |a Производство и разделение изотопов, плазменные и ионообменные технологии 
300 |a Заглавие с титульного экрана 
320 |a [Библиогр.: с. 137 (2 назв.)] 
337 |a Adobe Reader 
463 0 |0 (RuTPU)RU\TPU\conf\4220  |t Физико-технические проблемы атомной науки, энергетики и промышленности  |o сборник тезисов докладов VI Международной научно-практической конференции, г. Томск, 5-7 июня 2014 г.  |f Национальный исследовательский Томский политехнический университет (ТПУ) ; ред. коллегия О. Ю. Долматов ; С. Н. Ливенцов ; Ю. А. Чурсин  |v [С. 137]  |d 2014 
610 1 |a труды учёных ТПУ 
610 1 |a электронный ресурс 
610 1 |a плазменная утилизация 
610 1 |a лигнины 
610 1 |a композиции 
610 1 |a энергетические установки 
610 1 |a воздушная плазма 
700 1 |a Пиунова  |b К. Г.  |c физик  |c техник-проектировщик Томского политехнического университета  |f 1993-  |g Ксения Григориевна  |3 (RuTPU)RU\TPU\pers\32436 
701 1 |a Каренгин  |b А. Г.  |c физик  |c доцент Томского политехнического университета, кандидат физико-математических наук  |f 1950-  |g Александр Григорьевич  |3 (RuTPU)RU\TPU\pers\24286  |9 10751 
712 0 2 |a Национальный исследовательский Томский политехнический университет  |c (2009- )  |9 26305 
801 2 |a RU  |b 63413507  |c 20221027  |g RCR 
850 |a 63413507 
856 4 |u http://earchive.tpu.ru/handle/11683/73382 
942 |c BK